000 00742nam a2200277Ia 4500
001 52839
005 20240114005321.0
007 ta
008 101112s2008 g b000 u asm u
040 _aCotton College,Assam
041 _aasm
082 _a301.2
_bPa 27 Ja
100 _aPator, Padma .
245 0 _aJanajati Samaj Sanskriti /
_cPadma Pator.
_hTextual Documents
250 _aIst ed. /
260 _aGuwahati :
_bRingchang Publication ,
_c2008.
300 _a519pg ;
_c19cm.
653 _aJanajati Samaj Sanskriti
653 _aTribes Culture-Samaj Sanskriti
653 _aDeptt- Bodo
653 _aLibrarian`s room
942 _2ddc
_cBK
999 _c52802
_d52802